Memoria Histórico-Crítica del Derecho Público Chileno, Desde 1810 hasta nuestros días. Presentada a la Universidad de Chile en la Sesión Solemne del 14 de Octubre de 1849, con que celebró el sexto aniversario de su instalación, por D. Ramón Briseño, Miembro de la Facultad de Filosofía i Humanidades. Santiago, Imprenta de Julio Belin i Compañía. 1849
Збережено в:
| Автор: | |
|---|---|
| Формат: | Книга |
| Мова: | Іспанська |
| Опубліковано: |
Santiago, Chile
Imprenta de Julio Belin i Compañía
1849
|
| Редагування: | 1a. ed |
| Предмети: | |
| Онлайн доступ: | Acceso texto completo |
| Теги: |
Додати тег
Немає тегів, Будьте першим, хто поставить тег для цього запису!
|
MARC
| LEADER | 00000nam a2200000 a 4500 | ||
|---|---|---|---|
| 001 | UCJ6356 | ||
| 003 | CL-VaPUC | ||
| 005 | 20210811001532.0 | ||
| 008 | 070124e18490000CL |||||||||||||||||spa|d | ||
| 999 | |c 322464 |d 322462 | ||
| 040 | |c Pontificia Universidad Católica de Valparaíso | ||
| 082 | 0 | 4 | |a 342.83 BRI 1849 |2 21 |
| 100 | 0 | |a Briseño, Ramón |e author |9 512920 | |
| 245 | 1 | 0 | |a Memoria Histórico-Crítica del Derecho Público Chileno, Desde 1810 hasta nuestros días. |b Presentada a la Universidad de Chile en la Sesión Solemne del 14 de Octubre de 1849, con que celebró el sexto aniversario de su instalación, por D. Ramón Briseño, Miembro de la Facultad de Filosofía i Humanidades. Santiago, Imprenta de Julio Belin i Compañía. 1849 |
| 250 | |a 1a. ed | ||
| 260 | |a Santiago, Chile |b Imprenta de Julio Belin i Compañía |c 1849 | ||
| 300 | |a 516 páginas | ||
| 505 | |a Anteport.- v.: cita latina tomada de Cicerón.- Port.- v.: erratas notables.- Discurso preliminar. Texto y comentario de todas las constituciones, reglamentos constitucionales, proyectos, etc. desde 1810 hasta la Constitución de 1833 | ||
| 583 | |a last modification |c 20070124 00:00:00 |k Rodrigo Vera | ||
| 650 | 0 | |a Derecho constitucional |9 222588 | |
| 650 | 0 | |a Historia constitucional |9 256052 | |
| 650 | 7 | |a DOCUMENTOS |2 CL-VaPUC |9 366450 | |
| 650 | 0 | |a Federalismo |9 313886 | |
| 650 | 0 | |a Derecho comparado |9 255664 | |
| 650 | 7 | |a LIBERTAD DE IMPRENTA |2 CL-VaPUC |9 428458 | |
| 650 | 0 | |a Derechos civiles |9 255655 | |
| 852 | |a FDOBRV | ||
| 856 | |u http://opac.pucv.cl/pucv_txt/Txt-6000/UCJ6356_01.pdf |y Acceso texto completo | ||
| 942 | |c BK |2 ddc | ||
| 945 | |d 20070124 00:00:00 |a rinostro | ||
| 952 | |0 0 |1 0 |4 0 |6 342_830000000000000_BRI_1849 |7 0 |8 X |9 287856 |a BIBDER |b BIBDER |d 2019-11-19 |i 1868101 |l 2 |m 3 |o 342.83 BRI 1849 |p 1868101 |q 2025-12-31 |r 2020-03-26 |s 2020-03-26 |w 2019-11-19 |y BK_X |k DER | ||
| 952 | |0 0 |1 0 |4 0 |6 983_000000000000000_BRI_1849 |7 0 |8 X |9 401461 |a FDOBUD |b FDOBUD |d 2019-11-22 |i 1046985 |o 983 BRI 1849 |p 1046985 |r 2019-11-22 |w 2019-11-22 |y BK_X |k BUD | ||